[Event "Gligoric Cup 9th"]
[Site "Paracin"]
[Date "2023.05.16"]
[Round "1.1"]
[White "Todorovic, Nenad I"]
[Black "Bogosavljevic, Boban"]
[Result "1/2-1/2"]
[WhiteElo "2241"]
[BlackElo "2510"]
[PlyCount "136"]
[EventDate "2023.05.16"]
[EventType "team-swiss"]
[EventRounds "5"]
[EventCountry "SRB"]
[SourceTitle "CBM 214 Extra"]
[Source "ChessBase"]
[SourceDate "2023.07.31"]
[SourceVersion "1"]
[SourceVersionDate "2023.07.31"]
[SourceQuality "1"]
[WhiteTeam "Nis Nais"]
[BlackTeam "Goracici Jelica"]
[WhiteTeamCountry "SRB"]
[BlackTeamCountry "SRB"]

1. e4 c5 2. Nf3 Nc6 3. d4 cxd4 4. Nxd4 Nf6 5. Nc3 e5 6. Ndb5 d6 7. Bg5 a6 8. Na3 b5 9. Nd5 Be7 10. Bxf6 Bxf6 11. c4 b4 12. Nc2 a5 13. Qf3 Be6 14. Rd1 Rc8 15. Nxf6+ Qxf6 16. Qxf6 gxf6 17. Rxd6 Ke7 18. Rd1 b3 19. axb3 Rb8 20. Rd3 f5 21. f3 fxe4 22. fxe4 f5 23. Be2 fxe4 24. Re3 Rhd8 25. Na3 Bf5 26. 0-0 Bg6 27. h4 Rd2 28. h5 Nd4 29. Rf2 Bf5 30. Nb5 Rxb2 31. Bf1 Rxf2 32. Kxf2 h6 33. Rc3 Rf8 34. Kg1 Bg4 35. Re3 Bf5 36. Be2 Rg8 37. Bd1 Rd8 38. Nc3 Ne6 39. Nd5+ Kd6 40. Kf2 Nc5 41. Rg3 Rf8 42. Ke2 Rb8 43. Bc2 Be6 44. Nc3 a4 45. bxa4 Bxc4+ 46. Ke3 Bd3 47. Rg6+ Ke7 48. Bxd3 exd3 49. Rxh6 Rb3 50. Nd5+ Kf7 51. Rc6 d2+ 52. Kxd2 Rd3+ 53. Ke2 Rxd5 54. a5 Ne6 55. Ra6 Kf6 56. h6 Rd7 57. Rb6 Kf5 58. g4+ Kf6 59. a6 Rh7 60. g5+ Kf5 61. Rb7 Rh8 62. a7 Ra8 63. h7 Nf4+ 64. Ke3 Ng6 65. Rb8 Rxa7 66. h8Q Nxh8 67. Rxh8 Ra3+ 68. Ke2 Ra2+ 1/2-1/2

[Event "SRB-chT 1st League CS"]
[Site "Banja Vrujci"]
[Date "2022.10.06"]
[Round "8.1"]
[White "Spasojevic, Zoran M"]
[Black "Todorovic, Nenad I"]
[Result "0-1"]
[WhiteElo "2133"]
[BlackElo "2251"]
[PlyCount "58"]
[EventDate "2022.10.01"]
[EventType "team-tourn"]
[EventRounds "11"]
[EventCountry "SRB"]
[SourceTitle "CBM 210 Extra"]
[Source "ChessBase"]
[SourceDate "2022.11.30"]
[SourceVersion "1"]
[SourceVersionDate "2022.11.30"]
[SourceQuality "1"]
[WhiteTeam "Jagodina Kablovi"]
[BlackTeam "Nis Nais"]
[WhiteTeamCountry "SRB"]
[BlackTeamCountry "SRB"]

1. c4 c5 2. Nf3 Nc6 3. Nc3 g6 4. g3 Bg7 5. Bg2 d6 6. 0-0 e5 7. a3 a5 8. d3 Nge7 9. Bd2 0-0 10. Ne1 Be6 11. Nc2 d5 12. cxd5 Nxd5 13. Ne3 Nde7 14. Ne4 b6 15. Ng5 Bd7 16. b4 axb4 17. axb4 Rxa1 18. Qxa1 Nxb4 19. Bxb4 cxb4 20. Qb1 Nc6 21. Nf3 Re8 22. Nd5 Bf8 23. Rc1 Bc5 24. e4 Be6 25. Nd2 Nd4 26. Kh1 Ne2 27. Rc2 Nc3 28. Qb3 Qa8 29. Bf3 Rd8 0-1

[Event "SRB-chT 1st League CS"]
[Site "Banja Vrujci"]
[Date "2022.10.05"]
[Round "6.1"]
[White "Todorovic, Nenad I"]
[Black "Brkljaca, Ante"]
[Result "1/2-1/2"]
[WhiteElo "2251"]
[BlackElo "2143"]
[PlyCount "96"]
[EventDate "2022.10.01"]
[EventType "team-tourn"]
[EventRounds "11"]
[EventCountry "SRB"]
[SourceTitle "CBM 210 Extra"]
[Source "ChessBase"]
[SourceDate "2022.11.30"]
[SourceVersion "1"]
[SourceVersionDate "2022.11.30"]
[SourceQuality "1"]
[WhiteTeam "Nis Nais"]
[BlackTeam "Arandjelovac"]
[WhiteTeamCountry "SRB"]
[BlackTeamCountry "SRB"]

1. e4 c5 2. Nf3 Nc6 3. d4 cxd4 4. Nxd4 g6 5. c4 Bg7 6. Be3 Nf6 7. Nc3 0-0 8. Be2 d6 9. 0-0 Bd7 10. Qd2 Nxd4 11. Bxd4 Bc6 12. f3 a5 13. b3 Nd7 14. Be3 Nc5 15. Rab1 Qb6 16. Rfc1 Rfc8 17. Rc2 Qd8 18. Bf1 Qf8 19. Re1 h6 20. Nd5 Ra6 21. Bf2 e6 22. Nc3 Raa8 23. Rcc1 Bf6 24. Be3 Kh7 25. Ne2 Rd8 26. Nd4 Be8 27. Bf2 b6 28. Rcd1 Qg7 29. Qe3 Bg5 30. f4 Be7 31. g3 e5 32. Nb5 Bc6 33. Nc7 exf4 34. gxf4 Rac8 35. Nd5 Bxd5 36. cxd5 Nd7 37. e5 dxe5 38. fxe5 Bc5 39. Qg3 Bxf2+ 40. Kxf2 Re8 41. Bb5 Rc2+ 42. Kg1 Rxe5 43. Rxe5 Nxe5 44. d6 Qf6 45. d7 Qf3 46. d8Q Qxg3+ 47. hxg3 Nf3+ 48. Kf1 Nh2+ 1/2-1/2

[Event "Paracin op-A 15th"]
[Site "Paracin"]
[Date "2022.07.09"]
[Round "2"]
[White "Makarian, Rudik"]
[Black "Todorovic, Nenad I"]
[Result "1-0"]
[WhiteElo "2533"]
[BlackElo "2302"]
[PlyCount "55"]
[EventDate "2022.07.08"]
[EventType "swiss"]
[EventRounds "9"]
[EventCountry "SRB"]
[SourceTitle "CBM 209 Extra"]
[Source "ChessBase"]
[SourceDate "2022.09.30"]
[SourceVersion "1"]
[SourceVersionDate "2022.09.30"]
[SourceQuality "1"]

1. d4 Nf6 2. c4 e6 3. Nf3 b6 4. Nc3 Bb4 5. e3 Bb7 6. Bd3 0-0 7. Bd2 c5 8. a3 cxd4 9. exd4 Be7 10. Qe2 d6 11. 0-0 Nbd7 12. b4 Re8 13. Rfe1 Bf8 14. Bg5 Qc7 15. Rac1 Rac8 16. Qd1 Qb8 17. d5 e5 18. Nd2 g6 19. Bc2 Bg7 20. Ba4 Rf8 21. Nce4 Qc7 22. Bxd7 Nxd7 23. Be7 Rfe8 24. Bxd6 Qd8 25. Qb3 f5 26. c5 fxe4 27. c6 Ba8 28. Bc7 1-0

[Event "Paracin op-A 15th"]
[Site "Paracin"]
[Date "2022.07.09"]
[Round "3"]
[White "Todorovic, Nenad I"]
[Black "Jain, Kashish Manoj"]
[Result "0-1"]
[WhiteElo "2302"]
[BlackElo "2147"]
[PlyCount "96"]
[EventDate "2022.07.08"]
[EventType "swiss"]
[EventRounds "9"]
[EventCountry "SRB"]
[SourceTitle "EXT 2023"]
[Source "ChessBase"]
[SourceDate "2022.10.05"]
[SourceVersion "1"]
[SourceVersionDate "2022.10.05"]
[SourceQuality "1"]

1. e4 c5 2. Nf3 d6 3. d4 cxd4 4. Nxd4 Nf6 5. Nc3 Nc6 6. Bg5 e6 7. Qd2 a6 8. 0-0-0 Bd7 9. f3 Nxd4 10. Qxd4 Be7 11. h4 Qc7 12. Kb1 b5 13. g4 0-0 14. Qd2 b4 15. Ne2 Rfc8 16. Nd4 a5 17. Be3 a4 18. g5 Ne8 19. Bd3 Bf8 20. h5 e5 21. Nf5 Be6 22. Rc1 d5 23. exd5 Bxd5 24. g6 Bxf3 25. gxf7+ Qxf7 26. Rhf1 e4 27. Bxe4 Bxe4 28. Nh6+ gxh6 29. Rxf7 Kxf7 30. Qd7+ Be7 31. Bd4 Rc6 32. Qg4 Re6 33. Rg1 Bg5 34. Re1 Nd6 35. Rf1+ Ke7 36. Bc5 Rc8 37. Bxb4 Rxc2 38. Ka1 Bf6 39. Ba3 Bd3 40. Rg1 Rce2 41. Qb4 Kf7 42. Rc1 R2e4 43. Qa5 Nb5 44. Qd2 Nxa3 45. Qxd3 Re1 46. Qd7+ Be7 47. Qd2 Rxc1+ 48. Qxc1 Re1 0-1

[Event "SRB-ch sf"]
[Site "Paracin"]
[Date "2022.03.22"]
[Round "8"]
[White "Velikic, Adela"]
[Black "Todorovic, Nenad I"]
[Result "1-0"]
[WhiteElo "2258"]
[BlackElo "2311"]
[PlyCount "71"]
[EventDate "2022.03.17"]
[EventType "swiss"]
[EventRounds "9"]
[EventCountry "SRB"]
[SourceTitle "CBM 207 Extra"]
[Source "ChessBase"]
[SourceDate "2022.05.31"]
[SourceVersion "1"]
[SourceVersionDate "2022.05.31"]
[SourceQuality "1"]

1. e4 c5 2. Nf3 d6 3. Bb5+ Nc6 4. 0-0 Bd7 5. Re1 Nf6 6. c3 a6 7. Bf1 Bg4 8. d4 cxd4 9. cxd4 e5 10. d5 Nd4 11. Be3 Bxf3 12. gxf3 Nd7 13. Nd2 Qh4 14. Nb3 Be7 15. Nxd4 exd4 16. Qxd4 Bf6 17. Qd2 g5 18. Bg2 Be5 19. h3 Rg8 20. Kf1 Nf6 21. Rac1 Nh5 22. Rc7 Nf4 23. Qc2 Nxg2 24. Kxg2 h5 25. Rh1 Kf8 26. Rxb7 Kg7 27. Qc7 Kh8 28. Qd7 Rg6 29. Kf1 g4 30. fxg4 hxg4 31. Qf5 g3 32. Rg1 Rag8 33. Rxf7 g2+ 34. Ke2 Bxb2 35. f3 Bf6 36. Rxf6 1-0

[Event "SRB-ch sf"]
[Site "Paracin"]
[Date "2022.03.18"]
[Round "2"]
[White "Todorovic, Nenad I"]
[Black "Cabarkapa, Novak"]
[Result "1-0"]
[WhiteElo "2311"]
[BlackElo "2483"]
[PlyCount "141"]
[EventDate "2022.03.17"]
[EventType "swiss"]
[EventRounds "9"]
[EventCountry "SRB"]
[SourceTitle "CBM 207 Extra"]
[Source "ChessBase"]
[SourceDate "2022.05.31"]
[SourceVersion "1"]
[SourceVersionDate "2022.05.31"]
[SourceQuality "1"]

1. e4 e5 2. Nf3 Nc6 3. Bb5 a6 4. Ba4 Nf6 5. d4 exd4 6. 0-0 Be7 7. e5 Ne4 8. Nxd4 0-0 9. Nf5 d5 10. Bxc6 bxc6 11. Nxe7+ Qxe7 12. Re1 Bf5 13. f3 Nc5 14. b3 Ne6 15. Ba3 c5 16. Qxd5 Rfd8 17. Qc4 Rd4 18. Qe2 Nf4 19. Qf2 Rad8 20. Bc1 Qg5 21. Qg3 Qxg3 22. hxg3 Ne2+ 23. Kf2 Nxc1 24. Rxc1 Rd1 25. Na3 R8d2+ 26. Ke3 Rxc1 27. Rxc1 Rxg2 28. g4 Be6 29. Rd1 g6 30. Kf4 h6 31. Rh1 Kg7 32. Ke3 Bd5 33. Rd1 Bc6 34. Kf4 h5 35. gxh5 gxh5 36. Rh1 Kh6 37. Rh3 Bd7 38. Rh1 Be6 39. Ke3 Rg5 40. Ke4 c6 41. Nc4 f6 42. exf6 Kg6 43. Ne3 Kxf6 44. c4 Bf7 45. Rd1 Ke6 46. Kf4 Re5 47. Rd8 h4 48. Rc8 Rh5 49. Rxc6+ Kd7 50. Rf6 h3 51. Nf5 h2 52. Ng3 Ke7 53. Rf5 Rh4+ 54. Ke3 h1Q 55. Nxh1 Rxh1 56. Rxc5 Kd7 57. f4 Rh6 58. f5 Kd6 59. Ra5 Kc7 60. Re5 Kd6 61. Ra5 Kc7 62. Kd4 Kb6 63. Re5 Rd6+ 64. Kc3 Rh6 65. Re7 Rf6 66. Re5 Rh6 67. Kb4 Rf6 68. Kc3 Rh6 69. Kd4 Rd6+ 70. Ke3 a5 71. c5+ 1-0

[Event "SRB-ch sf"]
[Site "Paracin"]
[Date "2021.03.21"]
[Round "8"]
[White "Pajcin, Lav"]
[Black "Todorovic, Nenad I"]
[Result "1/2-1/2"]
[WhiteElo "2167"]
[BlackElo "2305"]
[PlyCount "89"]
[EventDate "2021.03.16"]
[EventType "swiss"]
[EventRounds "9"]
[EventCountry "SRB"]
[SourceTitle "CBM 201 Extra"]
[Source "ChessBase"]
[SourceDate "2021.05.31"]
[SourceVersion "1"]
[SourceVersionDate "2021.05.31"]
[SourceQuality "1"]

1. e4 c5 2. Nf3 d6 3. Bb5+ Nc6 4. 0-0 Bd7 5. Re1 Nf6 6. c3 a6 7. Bf1 Bg4 8. d4 cxd4 9. cxd4 e5 10. d5 Nd4 11. Be3 Nxf3+ 12. gxf3 Bd7 13. Nd2 b5 14. a4 bxa4 15. Nc4 Bb5 16. Rxa4 Be7 17. Ra3 0-0 18. Na5 Bxf1 19. Rxf1 Qd7 20. Kg2 Nh5 21. Qa4 Qd8 22. Qc6 Rb8 23. Nb7 Qc8 24. Qxc8 Rfxc8 25. Na5 Rxb2 26. Nc6 Bf8 27. Rxa6 f5 28. Rc1 Re8 29. Rca1 Nf6 30. R1a4 h6 31. Rb6 Rxb6 32. Bxb6 Nd7 33. Be3 Rc8 34. Kf1 Kf7 35. Ke2 Ke8 36. Kd3 Be7 37. Ba7 Rc7 38. Rb4 Kf7 39. Rb5 Nf6 40. Bb8 Rd7 41. Rb1 g6 42. Na7 Rd8 43. Nc6 Rd7 44. Na7 Rd8 45. Nc6 1/2-1/2

[Event "SRB-ch sf"]
[Site "Paracin"]
[Date "2021.03.16"]
[Round "1"]
[White "Todorovic, Nenad I"]
[Black "Arandjelovic, Aleksandar Z"]
[Result "1/2-1/2"]
[WhiteElo "2305"]
[BlackElo "1925"]
[PlyCount "51"]
[EventDate "2021.03.16"]
[EventType "swiss"]
[EventRounds "9"]
[EventCountry "SRB"]
[SourceTitle "CBM 201 Extra"]
[Source "ChessBase"]
[SourceDate "2021.05.31"]
[SourceVersion "1"]
[SourceVersionDate "2021.05.31"]
[SourceQuality "1"]

1. e4 c5 2. Nf3 Nc6 3. d4 cxd4 4. Nxd4 Nf6 5. Nc3 e5 6. Ndb5 d6 7. Bg5 a6 8. Na3 b5 9. Nd5 Be7 10. Bxf6 Bxf6 11. c4 Bg5 12. cxb5 Nd4 13. b6 0-0 14. Bd3 Bb7 15. Nc4 f5 16. 0-0 Rc8 17. b3 g6 18. a4 Rf7 19. a5 Rc5 20. b4 Rxd5 21. exd5 Bxd5 22. Nd2 Bf4 23. f3 Qh4 24. g3 Bxg3 25. hxg3 Qxg3+ 26. Kh1 1/2-1/2

[Event "SRB-chT Central"]
[Site "Kragujevac"]
[Date "2018.09.18"]
[Round "7.3"]
[White "Radivojevic, Ivan"]
[Black "Todorovic, Nenad I"]
[Result "1/2-1/2"]
[WhiteElo "2360"]
[BlackElo "2291"]
[PlyCount "28"]
[EventDate "2018.09.14"]
[EventType "team-tourn"]
[EventRounds "11"]
[EventCountry "SRB"]
[SourceTitle "CBM 186 Extra"]
[Source "ChessBase"]
[SourceDate "2018.08.24"]
[SourceVersion "1"]
[SourceVersionDate "2018.08.24"]
[SourceQuality "1"]
[WhiteTeam "Pozega"]
[BlackTeam "Paracin"]
[WhiteTeamCountry "SRB"]
[BlackTeamCountry "SRB"]

1. e4 c5 2. Nc3 Nc6 3. Nge2 e5 4. Nd5 Nge7 5. Nec3 d6 6. Bc4 Nxd5 7. Nxd5 Be7 8. d3 0-0 9. 0-0 Be6 10. c3 Rb8 11. a4 Bg5 12. Be3 Bxe3 13. Nxe3 Qd7 14. Qd2 Rbc8 1/2-1/2

[Event "SRB-chT Central"]
[Site "Kragujevac"]
[Date "2018.09.17"]
[Round "5.2"]
[White "Todorovic, Nenad I"]
[Black "Nestorovic, Dejan"]
[Result "0-1"]
[WhiteElo "2291"]
[BlackElo "2340"]
[PlyCount "102"]
[EventDate "2018.09.14"]
[EventType "team-tourn"]
[EventRounds "11"]
[EventCountry "SRB"]
[SourceTitle "CBM 186 Extra"]
[Source "ChessBase"]
[SourceDate "2018.08.24"]
[SourceVersion "1"]
[SourceVersionDate "2018.08.24"]
[SourceQuality "1"]
[WhiteTeam "Paracin"]
[BlackTeam "Petrovac Sloga"]
[WhiteTeamCountry "SRB"]
[BlackTeamCountry "SRB"]

1. e4 c5 2. Nf3 e6 3. d4 cxd4 4. Nxd4 a6 5. Be2 Nf6 6. Nc3 d6 7. 0-0 Nc6 8. Be3 Be7 9. f4 0-0 10. a4 e5 11. Nb3 exf4 12. Rxf4 Be6 13. Nd5 Bxd5 14. exd5 Ne5 15. a5 Nfd7 16. Rb4 Qc7 17. c3 Rfe8 18. Kh1 Bf6 19. Qd2 Re7 20. Nd4 g6 21. c4 Rae8 22. Bg1 Nc5 23. Bf1 Ned7 24. Nb3 h5 25. Nxc5 Nxc5 26. Rb6 Bg7 27. Rd1 Qd7 28. Bd3 Nxd3 29. Qxd3 Re2 30. Qf3 Rc2 31. c5 dxc5 32. d6 Rxb2 33. Rxb2 Bxb2 34. Bxc5 Bg7 35. Qd5 Re5 36. Qc4 Bf8 37. Qd4 Bg7 38. Qb4 Bf6 39. h3 Qc6 40. Bf2 Rd5 41. Rxd5 Qxd5 42. Qc5 Qd1+ 43. Kh2 h4 44. g3 Qe2 45. gxh4 Bxh4 46. d7 Bxf2 47. d8Q+ Kh7 48. Qxf2 Qxf2+ 49. Kh1 Kh6 50. h4 Kg7 51. h5 Qf3+ 0-1

[Event "Paracin Petrus 1st"]
[Site "Paracin"]
[Date "2018.05.07"]
[Round "9"]
[White "Todorovic, Nenad I"]
[Black "Sertbay, Huseyin"]
[Result "1-0"]
[WhiteElo "2300"]
[BlackElo "2020"]
[PlyCount "91"]
[EventDate "2018.05.01"]
[EventType "tourn"]
[EventRounds "9"]
[EventCountry "SRB"]
[EventCategory "2"]
[SourceTitle "CBM 184 Extra"]
[Source "ChessBase"]
[SourceDate "2018.06.28"]
[SourceVersion "1"]
[SourceVersionDate "2018.06.28"]
[SourceQuality "1"]

1. e4 c5 2. Nf3 e6 3. d4 cxd4 4. Nxd4 Nf6 5. Nc3 Nc6 6. Ndb5 Bb4 7. a3 Bxc3+ 8. Nxc3 d5 9. exd5 exd5 10. Bd3 0-0 11. 0-0 d4 12. Ne4 Bf5 13. Bg5 Bxe4 14. Bxe4 Qd6 15. Bd3 Nd5 16. Re1 Rfe8 17. Qf3 Re5 18. Qg3 Rae8 19. Re2 h6 20. Bd2 Qf6 21. Rae1 Rxe2 22. Rxe2 Rxe2 23. Bxe2 Qe5 24. Qxe5 Nxe5 25. f4 Nc6 26. Bf3 Nb6 27. Kf2 Na4 28. b3 Nc5 29. b4 Ne6 30. Ke2 f5 31. Kd3 Kf7 32. b5 Ncd8 33. Kc4 Ke7 34. g3 Kd7 35. Bb4 b6 36. Bd5 h5 37. a4 h4 38. a5 g5 39. fxg5 hxg3 40. hxg3 Nxg5 41. Kxd4 Nde6+ 42. Ke5 Nf7+ 43. Kf6 Nfd8 44. c4 Nd4 45. axb6 axb6 46. Bc3 1-0

[Event "Vojvodina-chT"]
[Site "Novi Sad"]
[Date "2017.11.18"]
[Round "8.5"]
[White "Zegarac, Vuk"]
[Black "Todorovic, Nenad I"]
[Result "1/2-1/2"]
[WhiteElo "2235"]
[BlackElo "2267"]
[PlyCount "183"]
[EventDate "2017.11.13"]
[EventType "team-tourn"]
[EventRounds "11"]
[EventCountry "SRB"]
[SourceTitle "CBM 181 Extra"]
[Source "ChessBase"]
[SourceDate "2017.12.12"]
[SourceVersion "1"]
[SourceVersionDate "2017.12.12"]
[SourceQuality "1"]
[WhiteTeam "Subotica Spartak"]
[BlackTeam "Krajisnik Krajina"]
[WhiteTeamCountry "SRB"]
[BlackTeamCountry "SRB"]

1. d4 Nf6 2. Nc3 d5 3. Bg5 Nbd7 4. Nf3 c5 5. e3 e6 6. a3 Be7 7. Bd3 0-0 8. 0-0 a6 9. Re1 b5 10. Bf1 Bb7 11. Ne2 Qc7 12. Bf4 Bd6 13. Bxd6 Qxd6 14. Ng3 e5 15. dxe5 Nxe5 16. Nxe5 Qxe5 17. c3 Bc6 18. Be2 Rfe8 19. Bf3 Rad8 20. Qc2 g6 21. Rad1 h5 22. Re2 h4 23. Nf1 h3 24. Ng3 hxg2 25. Bxg2 Kg7 26. b4 Ne4 27. Bxe4 dxe4 28. Red2 Rc8 29. bxc5 Qxc5 30. Qb2 Qe5 31. Qb4 Bb7 32. Rd7 Rc4 33. Qd6 Qxd6 34. R1xd6 Bc8 35. Ra7 Rxc3 36. Ne2 Rxa3 37. Nf4 Bf5 38. Rb6 Rf8 39. h4 Ra4 40. Nd5 Rd8 41. Rbb7 Be6 42. Nc7 Bc4 43. Nxa6 Rh8 44. Nc5 Rxa7 45. Rxa7 Rxh4 46. Re7 Rg4+ 47. Kh2 Kf6 48. Re8 Kf5 49. Nd7 Be6 50. Nc5 Bc4 51. Nd7 Kg5 52. Ne5 Rh4+ 53. Kg2 Be6 54. f4+ Kf6 55. Rb8 Rh3 56. Rb6 Rh8 57. Rxb5 Rd8 58. Rb4 Kf5 59. Rb5 Kf6 60. Rb4 Ra8 61. Kg3 Bf5 62. Ng4+ Kg7 63. Ne5 Ra3 64. Kf2 Ra7 65. Ke1 f6 66. Nc6 Ra3 67. Kf2 Ra2+ 68. Ke1 Kh6 69. Nd4 Kh5 70. Rb6 Kg4 71. Rxf6 Kg3 72. Rb6 Ra1+ 73. Kd2 Kf2 74. Rb2 Ra4 75. Rb3 Ra2+ 76. Nc2 Bc8 77. Ra3 Rb2 78. Kc3 Rb7 79. Ra4 Be6 80. Ra3 Rd7 81. Nd4 Kxe3 82. Nxe6 Rd3+ 83. Kb4 Rxa3 84. Kxa3 Kf3 85. Kb4 e3 86. Kc3 e2 87. Nd4+ Kf2 88. Nxe2 Kxe2 89. Kd4 Kf3 90. Ke5 Kg4 91. Kf6 Kxf4 92. Kxg6 1/2-1/2

[Event "Vojvodina-chT"]
[Site "Novi Sad"]
[Date "2017.11.17"]
[Round "6.5"]
[White "Csizik, Karoly"]
[Black "Todorovic, Nenad I"]
[Result "0-1"]
[WhiteElo "1990"]
[BlackElo "2267"]
[PlyCount "96"]
[EventDate "2017.11.13"]
[EventType "team-tourn"]
[EventRounds "11"]
[EventCountry "SRB"]
[SourceTitle "CBM 181 Extra"]
[Source "ChessBase"]
[SourceDate "2017.12.12"]
[SourceVersion "1"]
[SourceVersionDate "2017.12.12"]
[SourceQuality "1"]
[WhiteTeam "Senta"]
[BlackTeam "Krajisnik Krajina"]
[WhiteTeamCountry "SRB"]
[BlackTeamCountry "SRB"]

1. e4 c5 2. Nf3 d6 3. d4 cxd4 4. Nxd4 Nf6 5. Nc3 a6 6. Be2 e5 7. Nb3 Be7 8. 0-0 0-0 9. f4 Nc6 10. Kh1 exf4 11. Bxf4 Ne5 12. Bf3 Be6 13. Nd5 Bxd5 14. exd5 Nfd7 15. Nd4 Bg5 16. Ne2 Bxf4 17. Nxf4 Qb6 18. Nd3 Rac8 19. Be4 g6 20. Qe2 Nxd3 21. Bxd3 Ne5 22. Rab1 Qd4 23. Qe4 Qxe4 24. Bxe4 f5 25. Bd3 Rc5 26. Rbd1 Nxd3 27. Rxd3 Rxc2 28. Rb3 b5 29. a4 Rc5 30. axb5 axb5 31. Rd1 Re8 32. h3 Re5 33. Rbd3 Re2 34. R3d2 Rc2 35. Rxc2 Rxc2 36. Re1 Rd2 37. Re8+ Kf7 38. Rb8 Rxd5 39. Rb7+ Kf6 40. Rxh7 Rd2 41. Rd7 g5 42. g4 f4 43. Rd8 Ke5 44. Re8+ Kd5 45. Rg8 Ke4 46. Rxg5 Kf3 47. Rxb5 Kg3 48. Rb3+ f3 0-1

[Event "Vojvodina-chT"]
[Site "Novi Sad"]
[Date "2017.11.14"]
[Round "2.5"]
[White "Tomic, Vjekoslav"]
[Black "Todorovic, Nenad I"]
[Result "0-1"]
[WhiteElo "2184"]
[BlackElo "2267"]
[PlyCount "46"]
[EventDate "2017.11.13"]
[EventType "team-tourn"]
[EventRounds "11"]
[EventCountry "SRB"]
[SourceTitle "CBM 181 Extra"]
[Source "ChessBase"]
[SourceDate "2017.12.12"]
[SourceVersion "1"]
[SourceVersionDate "2017.12.12"]
[SourceQuality "1"]
[WhiteTeam "Beska Hajduk"]
[BlackTeam "Krajisnik Krajina"]
[WhiteTeamCountry "SRB"]
[BlackTeamCountry "SRB"]

1. e4 c5 2. Nf3 d6 3. c3 Nf6 4. h3 Nc6 5. Bd3 g6 6. 0-0 Bg7 7. Re1 0-0 8. Bf1 e5 9. d4 exd4 10. cxd4 cxd4 11. Nxd4 Nxd4 12. Qxd4 Be6 13. Qb4 d5 14. exd5 Nxd5 15. Qxb7 Bd4 16. Qa6 Qh4 17. Qe2 Rae8 18. Qf3 Bg4 19. hxg4 Rxe1 20. Nc3 Nxc3 21. bxc3 Rxf1+ 22. Kxf1 Re8 23. Be3 Bxe3 0-1

[Event "Vojvodina op 8th"]
[Site "Novi Sad"]
[Date "2017.07.23"]
[Round "9"]
[White "Todorovic, Nenad I"]
[Black "Jocev, Milan"]
[Result "1/2-1/2"]
[WhiteElo "2235"]
[BlackElo "2185"]
[PlyCount "36"]
[EventDate "2017.07.16"]
[EventType "swiss"]
[EventRounds "9"]
[EventCountry "SRB"]
[SourceTitle "EXT 2018"]
[Source "ChessBase"]
[SourceDate "2017.10.13"]
[SourceVersion "1"]
[SourceVersionDate "2017.10.13"]
[SourceQuality "1"]

1. e4 e5 2. Nf3 Nf6 3. Nxe5 d6 4. Nc4 Nxe4 5. Qe2 Qe7 6. Ne3 Nf6 7. g3 g6 8. Bg2 Bg7 9. 0-0 0-0 10. Rd1 c6 11. d4 d5 12. b3 Re8 13. c4 Bg4 14. f3 Be6 15. Nc3 Qd7 16. Qd3 Na6 17. Ba3 Rad8 18. c5 Nc7 1/2-1/2

[Event "Vojvodina op 8th"]
[Site "Novi Sad"]
[Date "2017.07.22"]
[Round "8"]
[White "Stocko, Josip"]
[Black "Todorovic, Nenad I"]
[Result "1/2-1/2"]
[WhiteElo "2371"]
[BlackElo "2235"]
[PlyCount "82"]
[EventDate "2017.07.16"]
[EventType "swiss"]
[EventRounds "9"]
[EventCountry "SRB"]
[SourceTitle "EXT 2018"]
[Source "ChessBase"]
[SourceDate "2017.10.13"]
[SourceVersion "1"]
[SourceVersionDate "2017.10.13"]
[SourceQuality "1"]

1. e4 c5 2. Nf3 d6 3. d4 cxd4 4. Nxd4 Nf6 5. Nc3 a6 6. Bg5 e6 7. f4 h6 8. Bh4 Be7 9. Qf3 Nbd7 10. 0-0-0 Qc7 11. Be2 0-0 12. Qg3 Nc5 13. e5 Nfe4 14. Nxe4 Nxe4 15. Qf3 dxe5 16. Qxe4 exd4 17. Bxe7 Qxe7 18. Rxd4 Ra7 19. h4 b5 20. Bd3 f5 21. Qe2 Rd7 22. Rxd7 Bxd7 23. g3 Bc6 24. Re1 Bd5 25. Qe5 Qf6 26. Qxf6 Rxf6 27. Kd2 Rf8 28. b3 Rd8 29. Kc3 Kf7 30. Kb4 Kf6 31. Ka5 Rd6 32. Re3 Rc6 33. Re2 g5 34. hxg5+ hxg5 35. a4 bxa4 36. bxa4 gxf4 37. gxf4 Bc4 38. Kb4 Bxd3 39. cxd3 Rd6 40. Kc4 Rc6+ 41. Kb4 Rd6 1/2-1/2